[Event "4NCL Division 1b"]
[Site "Northampton, ENG"]
[Date "2017.01.15"]
[Round "4.82"]
[White "Haria, Ravi"]
[Black "Daskalov, Dimitar"]
[Result "1-0"]
[WhiteElo "2382"]
[BlackElo "2332"]
[PlyCount "215"]
[EventDate "2017.01.15"]
[WhiteTeam "Wood Green HK"]
[BlackTeam "Grantham Sharks 1"]

1. Nf3 Nf6 2. g3 g6 3. b3 Bg7 4. Bb2 d6 5. d4 O-O 6. Bg2 c6 7. O-O Qc7 8. Nbd2
Bg4 9. Ne1 e5 10. dxe5 dxe5 11. Nd3 Nbd7 12. h3 Be6 13. e4 Nh5 14. Qe2 f5 15.
exf5 Bxf5 16. Ne4 Rae8 17. Rad1 Nhf6 18. Ndc5 Nxc5 19. Nxc5 Kh8 20. Rfe1 Nd5
21. c4 Nb6 22. Ne4 Bxe4 23. Qxe4 Qe7 24. Qe3 Nc8 25. Re2 a6 26. Red2 Rf7 27. h4
e4 28. Bxg7+ Kxg7 29. Rd4 Qf6 30. Rxe4 Rxe4 31. Bxe4 Nd6 32. Bc2 Nf5 33. Bxf5
Qxf5 34. Qc3+ Kh6 35. Qe3+ Kg7 36. Re1 Rd7 37. Qe5+ Qxe5 38. Rxe5 Kf6 39. Re2
Rd3 40. Kf1 a5 41. Ke1 Rc3 42. Kd1 Rf3 43. Rc2 a4 44. bxa4 Ra3 45. Ke2 Rxa4 46.
c5 Ke5 47. Rb2 Ra7 48. Rd2 h5 49. Kf3 Ra3+ 50. Kg2 Rc3 51. Rd7 Rxc5 52. Rxb7
Rc2 53. Rg7 Kf5 54. Ra7 c5 55. Kf3 Rb2 56. a4 Rb3+ 57. Ke2 Kf6 58. Ra8 Kg7 59.
a5 Rb2+ 60. Ke3 c4 61. a6 c3 62. Rc8 Ra2 63. Rc6 c2 64. Kd2 Kf7 65. f3 Kg7 66.
g4 g5 67. Rxc2 Rxa6 68. hxg5 hxg4 69. f4 Kg6 70. Rc5 Ra2+ 71. Ke3 g3 72. Kf3 g2
73. Rc6+ Kg7 74. Rc1 Kg6 75. Kg4 Rf2 76. Rg1 Ra2 77. Kg3 Kf5 78. Rxg2 Ra3+ 79.
Kh4 Ra1 80. Rh2 Rb1 81. Ra2 Rh1+ 82. Kg3 Rg1+ 83. Kf3 Rf1+ 84. Rf2 Ra1 85. Ke3
Ra4 86. Ke2 Ra2+ 87. Kf3 Ra3+ 88. Kg2 Ra1 89. Rf1 Ra3 90. Rf3 Ra1 91. Kg3 Rg1+
92. Kh4 Ra1 93. Rb3 Rh1+ 94. Rh3 Ra1 95. Kh5 Ra8 96. Kh4 Ra4 97. Rb3 Kxf4 98.
Kh5 Ra5 99. Rb4+ Kf5 100. Rb1 Ra2 101. Rf1+ Ke6 102. Kh6 Rh2+ 103. Kg7 Rg2 104.
g6 Rh2 105. Kg8 Ke7 106. g7 Rg2 107. Re1+ Kd7 108. Rh1 1-0

[Event "4NCL Division 1b"]
[Site "Northampton, ENG"]
[Date "2017.01.15"]
[Round "4.83"]
[White "Roberson, Peter T"]
[Black "Fitzsimons, David"]
[Result "0-1"]
[WhiteElo "2401"]
[BlackElo "2373"]
[PlyCount "86"]
[EventDate "2017.01.15"]
[WhiteTeam "Grantham Sharks 1"]
[BlackTeam "Wood Green HK"]

1. e4 g6 2. d4 Bg7 3. Nc3 c6 4. Nf3 d6 5. a4 Nf6 6. Be2 O-O 7. O-O Nbd7 8. Re1
Qc7 9. h3 a5 10. Be3 Re8 11. Qd2 e5 12. Bf1 b6 13. Rad1 Bb7 14. dxe5 dxe5 15.
Bc4 Ba6 16. Ba2 Rf8 17. Qd6 Rac8 18. Qxc7 Rxc7 19. Nd2 b5 20. f3 Ra8 21. Nb3
Bf8 22. axb5 cxb5 23. Nxa5 Bc8 24. Nxb5 Rxc2 25. Rd2 Rc5 26. Bxc5 Bxc5+ 27. Kh2
Rxa5 28. Nc3 Kg7 29. Bc4 Nb6 30. Bf1 Be6 31. Rd8 Nc4 32. Rb1 Bb4 33. Rb8 Bd6
34. Rd8 Be7 35. Rb8 Nh5 36. Rb7 Bg5 37. b4 Ra3 38. Ne2 Ra2 39. h4 Bxh4 40. Nc1
Rc2 41. Rc7 Bg3+ 42. Kg1 Bf2+ 43. Kh2 Nd2 0-1

[Event "4NCL Division 1b"]
[Site "Northampton, ENG"]
[Date "2017.01.15"]
[Round "4.84"]
[White "Cooper, Lawrence H"]
[Black "Rendle, Thomas E"]
[Result "1/2-1/2"]
[WhiteElo "2348"]
[BlackElo "2356"]
[PlyCount "40"]
[EventDate "2017.01.15"]
[WhiteTeam "Wood Green HK"]
[BlackTeam "Grantham Sharks 1"]

1. e4 e6 2. d4 d5 3. Nd2 Be7 4. Bd3 c5 5. dxc5 Nf6 6. Qe2 O-O 7. Ngf3 a5 8. O-O
Na6 9. e5 Nd7 10. c3 Naxc5 11. Bb5 Qc7 12. Re1 f6 13. exf6 Nxf6 14. c4 Bd6 15.
Nf1 d4 16. Nxd4 e5 17. Nb3 e4 18. h3 Nd3 19. c5 Nxc5 20. Nxc5 Qxc5 1/2-1/2

[Event "4NCL Division 1b"]
[Site "Northampton, ENG"]
[Date "2017.01.15"]
[Round "4.85"]
[White "Foisor, Mihaela-Veronica"]
[Black "McDonald, Neil"]
[Result "0-1"]
[WhiteElo "2247"]
[BlackElo "2416"]
[PlyCount "148"]
[EventDate "2017.01.15"]
[WhiteTeam "Grantham Sharks 1"]
[BlackTeam "Wood Green HK"]

1. d4 d5 2. c4 e6 3. Nc3 Be7 4. Nf3 Nf6 5. cxd5 exd5 6. Bf4 c6 7. Qc2 Nbd7 8.
e3 Nf8 9. h3 Ng6 10. Bh2 Bd6 11. Ne5 O-O 12. Bd3 Re8 13. f4 Nd7 14. O-O Ngf8
15. Rae1 f6 16. Nf3 Nb6 17. e4 dxe4 18. Nxe4 Bc7 19. Nc5 Rxe1 20. Rxe1 Nd5 21.
f5 Bxh2+ 22. Kxh2 b6 23. Na4 Qd6+ 24. Kh1 Bd7 25. Nc3 Re8 26. Rxe8 Bxe8 27.
Nxd5 cxd5 28. Qc8 Bc6 29. Bc2 a5 30. a3 Kf7 31. Bb3 g5 32. Nd2 Ke7 33. Nb1 b5
34. Nc3 b4 35. axb4 axb4 36. Na4 Nd7 37. Qg8 h5 38. Nc5 Nxc5 39. dxc5 Qe5 40.
Qg7+ Kd8 41. Qf8+ Kc7 42. Qf7+ Kb8 43. Qg8+ Kb7 44. Qf7+ Ka6 45. Bc2 Kb5 46.
Qa7 Kc4 47. Qb6 Qe1+ 48. Kh2 Qe5+ 49. Kh1 Qxb2 50. Qxc6 Qxc2 51. Qa6+ Kb3 52.
Qxf6 Qc1+ 53. Kh2 Qf4+ 54. Kg1 g4 55. hxg4 hxg4 56. Qe6 g3 57. Qe1 Qd4+ 58. Kf1
Qd3+ 59. Kg1 Qd4+ 60. Kf1 Qc4+ 61. Qe2 Qc1+ 62. Qe1 Qf4+ 63. Kg1 d4 64. c6 d3
65. c7 d2 66. Qb1+ Ka4 67. Qa2+ Kb5 68. Qd5+ Kb6 69. c8=N+ Kc7 70. Qc5+ Kb8 71.
Qb6+ Kxc8 72. Qc6+ Qc7 73. Qe6+ Kb8 74. Qe8+ Ka7 0-1

[Event "4NCL Division 1b"]
[Site "Northampton, ENG"]
[Date "2017.01.15"]
[Round "4.86"]
[White "Weaving, Richard"]
[Black "Smith, Murray"]
[Result "1-0"]
[WhiteElo "2335"]
[BlackElo "2320"]
[PlyCount "85"]
[EventDate "2017.01.15"]
[WhiteTeam "Wood Green HK"]
[BlackTeam "Grantham Sharks 1"]

1. e4 c5 2. Nf3 d6 3. d4 cxd4 4. Nxd4 Nf6 5. Nc3 a6 6. Be3 Ng4 7. Bc1 Nc6 8.
Be2 Nge5 9. Be3 b5 10. a4 b4 11. Nd5 Rb8 12. f4 Nxd4 13. Qxd4 Nc6 14. Qc4 Na5
15. Qc7 Qxc7 16. Nxc7+ Kd7 17. Nxa6 Bxa6 18. Bxa6 e6 19. Bd2 Kc7 20. Bb5 Nc6
21. c3 b3 22. Be3 Be7 23. Kf2 Rhd8 24. Rhd1 Bf6 25. Rd3 Na5 26. Rad1 Nb7 27.
Ke2 Na5 28. Bd4 Nc6 29. Bf2 Na5 30. h3 h5 31. g3 Nc6 32. Be3 Na5 33. g4 hxg4
34. hxg4 Be7 35. Rh1 Rh8 36. Rdd1 Rbd8 37. g5 f6 38. g6 f5 39. exf5 exf5 40.
Bd4 Nc6 41. Bxg7 Rhg8 42. Rh7 Kb6 43. Bc4 1-0

[Event "4NCL Division 1b"]
[Site "Northampton, ENG"]
[Date "2017.01.15"]
[Round "4.87"]
[White "Bremner, Adam"]
[Black "Pein, Malcolm"]
[Result "1/2-1/2"]
[WhiteElo "2208"]
[BlackElo "2344"]
[PlyCount "37"]
[EventDate "2017.01.15"]
[WhiteTeam "Grantham Sharks 1"]
[BlackTeam "Wood Green HK"]

1. d4 Nf6 2. Bg5 d5 3. Bxf6 gxf6 4. e3 c5 5. dxc5 e6 6. c4 dxc4 7. Qxd8+ Kxd8
8. Bxc4 Bxc5 9. Nc3 Nc6 10. O-O-O+ Ke7 11. Nf3 Bd7 12. Ne4 Bb6 13. Bb5 Rac8 14.
Kb1 Rc7 15. Rc1 a6 16. Ba4 Rg8 17. Ng3 Rg4 18. Bd1 Rg8 19. Ba4 1/2-1/2

[Event "4NCL Division 1b"]
[Site "Northampton, ENG"]
[Date "2017.01.15"]
[Round "4.88"]
[White "Longson, Sarah N"]
[Black "Cumbers, Paul"]
[Result "0-1"]
[WhiteElo "2185"]
[BlackElo "2167"]
[PlyCount "66"]
[EventDate "2017.01.15"]
[WhiteTeam "Wood Green HK"]
[BlackTeam "Grantham Sharks 1"]

1. e4 e6 2. d4 d5 3. Nc3 Nf6 4. Bg5 Bb4 5. e5 h6 6. exf6 hxg5 7. fxg7 Rg8 8. h4
Qf6 9. h5 Rxg7 10. a3 Ba5 11. Bb5+ c6 12. Ba4 b5 13. Bb3 c5 14. Qf3 Qxf3 15.
Nxf3 Bxc3+ 16. bxc3 c4 17. Ba2 f6 18. g4 Bd7 19. O-O-O Nc6 20. Nh2 Ke7 21. f3
Kd6 22. Nf1 Re8 23. Ne3 Nd8 24. Rd2 Nf7 25. Rf1 Nh6 26. Kb2 Rf8 27. Rg2 f5 28.
Rgf2 fxg4 29. fxg4 Rgf7 30. Rxf7 Rxf7 31. Rg1 Rf3 32. Nf1 e5 33. Nd2 Rf2 0-1